[Event "FRA AJEC/5158 corr"]
[Site "France"]
[Date "2002.??.??"]
[Round "?"]
[White "Bujan, Robert"]
[Black "Hossin, Fabrice"]
[Result "0-1"]
[WhiteElo "1850"]
[BlackElo "1850"]
[PlyCount "28"]
[EventDate "2002.02.15"]
[EventType "tourn (corr)"]
[EventRounds "8"]
[EventCountry "FRA"]
[SourceTitle "Corr 2004"]
[Source "ChessBase"]
[SourceDate "2003.04.28"]
[SourceVersion "3"]
[SourceVersionDate "2003.04.28"]
[SourceQuality "1"]

1. e4 c5 2. c3 d6 3. d4 Nf6 4. dxc5 Nc6 5. cxd6 Nxe4 6. Bb5 Qb6 7. Bxc6+ bxc6 8. Qd4 Qxd4 9. cxd4 exd6 10. Be3 Be7 11. Ne2 0-0 12. Nbc3 Nxc3 13. Nxc3 d5 14. 0-0 Rb8 0-1